Представление документа в формате RUSMARC

ПолеНазваниеЗначение
  Тип записи a
  Библиографический уровень m
001 Контрольный номер RU/УОНБ/EK_N/357135476
005 Дата корректировки 20240131000906.0
010 Индекс ISBN __
9 Тираж 25000 экз.
013 Номер (ISMN) __
d Цена 85 к.
071 Издательские номер (звукозапись и ноты) 21
a Номер, присвоенный агентством 5188
100 Данные общей обработки __
a Данные общей обработки 20181031g1980 u y0rusy0189||||ca
101 Язык документа 0_
a Язык текста rus
f Язык титульного листа rus
102 Страна публикации __
a Страна публикации RU
105 Кодированные данные (монография) __
a Кодированные данные (монография) y###||||000|y
125 Кодированные данные звукозаписи и нотных изданий __
a Форма изложения нотного текста с|
128 Кодированные данные (звукозаписи-физические характеристики) __
a Кодированные данные: Музыкальная форма и тональность или лад zz
c Инструменты или голоса, рекомендуемые для солистов (устаревшее) kt||
200 Заглавие и сведения об ответственности 1_
a Заглавие Вып. 4
210 Выходные данные 1_
d Дата издания 1980
215 Физическое описание __
a Объем 63 c.
327 Примечание о содержании 11
a Примечание о содержании Содерж. : Соловьев-Седой В. Играй, мой баян ; На солнечной поляночке ; Золотые огоньки ; Услышь меня, хорошая. - Мокроусов Б. Песня защитников Москвы ; На крылечке твоем. - Эшпай А. Москвичи. - Милютин Ю. Ленинские горы. - Островский А. Зори московские. - Хренников Т. Московские окна. - Табачников М. У Черного моря. - Фрадкин М. Случайный вальс. - Петерсбургский Г. Синий платочек. - Фельцман О. Комсомольцы двадцатого года. - Фиготин Б. Как поживаешь, фронтовик? - Воронов А. Солдатский вальс. - Долуханян А. Песенка боевых друзей. - Френкель Я. Поле : из кф. "Новые приключения Неуловимых". - Блантер М. Пшеница золотая. - Носов Г. У рябины. - Дунаевский И. Под луной золотой : из кф. "Новый дом". - Пахмутова А. Ненаглядный мой. - Агафонов О. Плыви, туман ; Неожиданное знакомство : быстрый фоктрот. - Цабадзе Г. Ты стоишь на том берегу. - Родыгин Е. Куда бежишь, тропинка милая. - Гришин О. Восемнадцать лет. - Римский-Корсаков Н. Песня варяжского гостя из оперы "Садко". - Аренский А. Песня певца из оперы "Рафаэль". - Шатров И. На сопках Маньчжурии : вальс. - Богословский Ю. Танго соловья. - Полянка : рус. нар. танец. - Чардаш : венг. нар. танец / перелож. П. Шашкина. - Обраб. О. Агафонова : Вот мчится тройка почтовая : рус. нар. песня ; Под окном черемуха колышется : соврем. нар. песня ; Нiч яка мiсячна, зоряна, ясная : укр. нар. песня.
461 Уровень набора _0
1 001RU/УОНБ/EK_N/356529578
1 200
a В кругу друзей
b [Ноты]
e попул. музыка для баяна или аккордеона
f сост. О. Агафонов
v Вып. 4
1 210
d 1980
464 Аналитический уровень _0
1 2001
a Играй, мой баян
e С далёкой я заставы...
1 700 1
a Соловьев-Седой
b В.
1 702 1
a Давидович
b Л.
4 520
464 Аналитический уровень _0
1 2001
a Песня защитников Москвы
e В атаку стальными рядами...
1 700 1
a Мокроусов
b Б.
1 702 1
a Сурков
b А.
4 520
464 Аналитический уровень _0
1 2001
a Москвичи
e В полях за Вислой сонной...
1 700 1
a Эшпай
b А.
1 702 1
a Винокуров
b Е.
4 520
464 Аналитический уровень _0
1 2001
a Ленинские горы
e Друзья, люблю я Ленинские горы...
1 700 1
a Милютин
b Ю.
1 702 1
a Долматовский
b Е.
4 520
464 Аналитический уровень _0
1 2001
a Зори московские
e Первый луч заалел...
1 700 1
a Островский
b А.
1 702 1
a Лисянский
b М.
4 520
464 Аналитический уровень _0
1 2001
a Московские окна
e Вот опять небес темнеет высь...
1 700 1
a Хренников
b Т.
1 702 1
a Матусовский
b М.
4 520
464 Аналитический уровень _0
1 2001
a У Черного моря
e Есть город, который я вижу во сне...
1 700 1
a Табачников
b М.
1 702 1
a Кирсанов
b С.
4 520
464 Аналитический уровень _0
1 2001
a Случайный вальс
e Ночь коротка...
1 700 1
a Фрадкин
b М.
1 702 1
a Долматовский
b Е.
4 520
464 Аналитический уровень _0
1 2001
a Синий платочек
e Синенький, скромный платочек...
1 700 1
a Петерсбургский
b Г.
1 702 1
a Галицкий
b Я.
4 520
1 702 1
a Максимов
b М.
4 520
464 Аналитический уровень _0
1 2001
a Комсомольцы двадцатого года
e Полыхает метель...
1 700 1
a Фельцман
b О.
1 702 1
a Войнович
b В.
4 520
464 Аналитический уровень _0
1 2001
a Как поживаешь, фронтовик?
e Мы узнаем их даже в штатском...
1 700 1
a Фиготин
b Б.
1 702 1
a Халецкий
b Я.
4 520
464 Аналитический уровень _0
1 2001
a Песенка боевых друзей
e Позвольте вам представиться...
1 700 1
a Долуханян
b А.
1 702 1
a Некрасова
b Л.
4 520
464 Аналитический уровень _0
1 2001
a Поле
e Поле, русское поле...
e из кф. "Новые приключения Неуловимых"
1 700 1
a Френкель
b Я.
1 702 1
a Гофф
b И.
4 520
1 50010
a Новые приключения Неуловимых
464 Аналитический уровень _0
1 2001
a Пшеница золотая
e Мне хорошо, колосья раздвигая...
1 700 1
a Блантер
b М.
1 702 1
a Исаковский
b М.
4 520
464 Аналитический уровень _0
1 2001
a У рябины
e Над широкой рекой...
1 700 1
a Носов
b Г.
1 702 1
a Чуркин
b А.
4 520
464 Аналитический уровень _0
1 2001
a Под луной золотой
e Под луной золотой...
e из кф. "Новый дом"
1 700 1
a Дунаевский
b И.
1 702 1
a Алымов
b С.
4 520
1 50010
a Новый дом
464 Аналитический уровень _0
1 2001
a Ненаглядный мой
e Постарею, поседею...
1 700 1
a Пахмутова
b А.
1 702 1
a Казакова
b Р.
4 520
464 Аналитический уровень _0
1 2001
a Плыви, туман
e Плыви, туман, плыви...
1 700 1
a Агафонов
b О.
1 702 1
a Владимиров
b А.
4 520
464 Аналитический уровень _0
1 2001
a Ты стоишь на том берегу
e Ты стоишь на том берегу...
1 700 1
a Цабадзе
b Г.
1 702 1
a Пшавела
b В.
4 520
464 Аналитический уровень _0
1 2001
a Куда бежишь, тропинка милая
e Куда бежишь, тропинка милая...
1 700 1
a Родыгин
b Е.
1 702 1
a Пришелец
b А.
4 520
464 Аналитический уровень _0
1 2001
a Восемнадцать лет
e За рекой, за лесом...
1 700 1
a Гришин
b О.
1 702 1
a Застрожной
b В.
4 520
464 Аналитический уровень _0
1 2001
a Песня варяжского гостя
e О скалы грозные дробятся...
e из оперы "Садко"
1 700 1
a Римский-Корсаков
b Н.
1 50010
a Садко
464 Аналитический уровень _0
1 2001
a Песня певца
e Страстью и негою сердце трепещет...
e из оперы "Рафаэль"
1 700 1
a Аренский
b А.
1 50010
a Рафаэль
464 Аналитический уровень _0
1 2001
a На сопках Маньчжурии
e вальс
1 700 1
a Шатров
b И.
464 Аналитический уровень _0
1 2001
a Танго соловья
1 700 1
a Богословский
b Ю.
464 Аналитический уровень _0
1 2001
a Полянка
e рус. нар. танец
464 Аналитический уровень _0
1 2001
a Чардаш
e венг. нар. танец
464 Аналитический уровень _0
1 2001
a Вот мчится тройка почтовая
e Вот мчится тройка почтовая...
e рус. нар. песня
464 Аналитический уровень _0
1 2001
a На солнечной поляночке
e На солнечной поляночке...
1 700 1
a Соловьев-Седой
b И.
1 702 1
a Фатьянов
b А.
4 520
464 Аналитический уровень _0
1 2001
a Золотые огоньки
e В тумане скрылась милая Одесса...
1 700 1
a Соловьев-Седой
b В.
1 702 1
a Фатьянов
b А.
4 520
1 702 1
a Фогельсон
b С.
4 520
464 Аналитический уровень _0
1 200 1
a Услышь меня, хорошая
e Услышь меня, хорошая...
1 700 1
a Соловьев-Седой
b В.
1 702 1
a Исаковский
b М.
4 520
464 Аналитический уровень _0
1 200 1
a На крылечке твоем
e На крылечке твоем...
1 700 1
a Мокроусов
b Б.
1 702 1
a Фатьянов
b А.
4 520
464 Аналитический уровень _0
1 2001
a Солдатский вальс
e Снежные сибирские белые поля...
1 700 1
a Воронов
b А.
1 702 1
a Царин
b Б.
4 520
464 Аналитический уровень _0
1 2001
a Неожиданное знакомство
e быстрый фокстрот
1 700 1
a Агафонов
b О.
464 Аналитический уровень _0
1 2001
a Под окном черемуха колышется
e Под окном черемуха колышется...
e соврем. нар. песня
1 702 1
a Тимофеев
b Б.
4 520
464 Аналитический уровень _0
1 2001
a Нiч яка мiсячна
e Нiч яка мiсячна...
e укр. нар. песня
1 702 1
a Старицкий
b М.
4 520
512 Заглавие обложки 1_
a Заглавие обложки В кругу друзей
606 Тематические рубрики 0_
a Основная рубрика Баян
x Основная подрубрика Популярная музыка
606 Тематические рубрики 0_
a Основная рубрика Аккордеон
x Основная подрубрика Популярная музыка
610 Ключевые слова 0_
a Ключевые слова баян
610 Ключевые слова 0_
a Ключевые слова аккордеон
610 Ключевые слова 0_
a Ключевые слова популярные произведения
686 Индексы других классификаций __
a Классификационный индекс 85.954.6-094я43
2 Код системы rubbk
801 Источник записи _0
a Страна RU
b Организация Ульяновская ОНБ
c Дата составления 20181031
g Правила каталогизации RCR
801 Источник записи _1
a Страна RU
b Организация IS
c Дата составления 20181031
g Правила каталогизации RCR
901 Тип документа __
t Тип документа n
w Контрольный № источника RU/УОНБ/EK_N/356529578
909 Создатель записи __
a Создатель записи Лобина Л. И.
938 Служебная информация __
a Имя БД noti
b Имя библиотеки УОНБ
c Имя АИБС МАРК-SQL
d Номер DOC_ID в БД 8775